Engineering the bioelectronic interface : applications to analyte biosensing and protein detection /

The only book to focus on the generation of biosensing interfaces with analyses and control at the molecular level.

Bibliographic Details
Other Authors: Davis, Jason J.
Format: eBook
Language:English
Published: Cambridge : Royal Society of Chemistry, [2009]
Subjects:
Online Access:Connect to the full text of this electronic book

MARC

Tag First Indicator Second Indicator Subfields
LEADER 00000cam a2200000Ia 4500
001 in00004357913
005 20210728140406.0
006 m o d
007 cr cn|||||||||
008 100617s2009 enka ob 001 0 eng d
015 |a GBB6G5027  |2 bnb 
016 7 |a 018019898  |2 Uk 
019 |a 311464087  |a 429669072  |a 465691768  |a 843641234  |a 1027360111  |a 1062325635  |a 1087336827  |a 1102299639  |a 1110738521  |a 1119432372 
020 |a 0854041656 
020 |a 1847559778  |q (electronic bk.) 
020 |a 9780854041657 
020 |a 9781847559777  |q (electronic bk.) 
024 7 |a 10.1039/9781847559777  |2 doi 
035 |a (OCoLC)642189009  |z (OCoLC)311464087  |z (OCoLC)429669072  |z (OCoLC)465691768  |z (OCoLC)843641234  |z (OCoLC)1027360111  |z (OCoLC)1062325635  |z (OCoLC)1087336827  |z (OCoLC)1102299639  |z (OCoLC)1110738521  |z (OCoLC)1119432372 
035 |a (OCoLC)ocn642189009 
035 |a 6431557 
037 |a T3040  |b Royal Society of Chemistry  |n http://www.rsc.org/spr 
040 |a UKRSC  |b eng  |e pn  |c UKRSC  |d UKRSC  |d OCLCQ  |d YDXCP  |d N$T  |d BWK  |d CDX  |d OCLCF  |d OCLCQ  |d ZCU  |d DEBSZ  |d UX0  |d OKU  |d MHW  |d OCLCQ  |d CEF  |d OCLCQ  |d NLE  |d UKMGB  |d STF  |d LEAUB  |d UKAHL  |d AUD  |d OCLCQ  |d ZHM  |d EYM  |d UtOrBLW 
049 |a TXAM 
050 4 |a QH509.5 
072 7 |a PNF  |2 bicssc 
072 7 |a PNN  |2 bicssc 
072 7 |a PSB  |2 bicssc 
072 7 |a SCI  |2 eflch 
072 7 |a SCI  |x 013040  |2 bisacsh 
082 0 4 |a 547.7  |2 22 
245 0 0 |a Engineering the bioelectronic interface :  |b applications to analyte biosensing and protein detection /  |c edited by Jason Davis. 
264 1 |a Cambridge :  |b Royal Society of Chemistry,  |c [2009] 
264 4 |c ©2009 
300 |a 1 online resource (x, 259 pages) :  |b illustrations (some color) 
336 |a text  |b txt  |2 rdacontent 
337 |a computer  |b c  |2 rdamedia 
338 |a online resource  |b cr  |2 rdacarrier 
500 |a Electronic resource. 
504 |a Includes bibliographical references and index. 
505 0 |a Chapter 1: The Mononuclear Molybdoenzymes: potential applications in redox enzyme biosensors-- Chapter 2: Scanning Probe Analyses at the Bioelectronic Interface-- Chapter 3: Electrical Interfacing of Redox Enzymes with Electrodes by the Surface Reconstitution of Apo-Enzymes-- Chapter 4: Single-wall carbon nanotube forests in biosensors-- Chapter 5: Energizing redox enzymes through substrate surface preparation and wiring-- Chapter 6: Cytochromes P450s: Tayloring a class of enzymes for biosensing-- Chapter 7: Label free field effect protein sensing-- Chapter 8: Biological and Clinical Applications of Protein Biosensors. 
520 |a The only book to focus on the generation of biosensing interfaces with analyses and control at the molecular level.  |b The interfacing of man-made electronics with redox proteins and enzymes not only tells us a great deal about the levels of sophistication active in biology, but also paves the way to using it in derived sensory devices. Some of these have already had a profound impact on both clinical diagnostics and the quality of life enjoyed by those unfortunate enough to live with disease. Though much remains to be learnt about controlling and optimising these interfacial interactions, their potential uses are, if anything, growing. Written by leaders in the field, this is the only book to focus on the generation of biosensing interfaces with analyses and control at the molecular level. Some of these are enzyme based, others associated with the generation of surfaces for protein-protein recognition. Summaries of state-of-the-art investigations into the interfacing of structurally complex molecular species with electrode surfaces are included along with their design, analysis and potential application. Studies into the "wiring" of biomolecules to man-made surfaces through the use of delocalised "molecular wires" or carbon nanotubes are detailed as are the application of surface chemical and genetic engineering methods to the construction of robust, orientated biomolecular monolayers. 
650 0 |a Bioelectronics.  |0 http://id.loc.gov/authorities/subjects/sh91002927 
650 0 |a Biosensors.  |0 http://id.loc.gov/authorities/subjects/sh85014260 
650 0 |a Proteins  |x Analysis.  |0 http://id.loc.gov/authorities/subjects/sh85107668 
650 7 |a Biochemistry.  |2 bicssc 
650 7 |a Bioelectronics.  |2 fast  |0 (OCoLC)fst00832015 
650 7 |a Biosensors.  |2 fast  |0 (OCoLC)fst00832703 
650 7 |a Organic chemistry.  |2 bicssc 
650 7 |a Proteins  |x Analysis.  |2 fast  |0 (OCoLC)fst01079714 
650 7 |a SCIENCE  |x Chemistry  |x Organic.  |2 bisacsh 
655 7 |a Electronic books.  |2 local 
700 1 |a Davis, Jason J.  |0 http://id.loc.gov/authorities/names/nb2009020354 
776 0 8 |i Print version:  |z 9780854041657  |z 0854041656  |w (OCoLC)429596142 
856 4 0 |u http://proxy.library.tamu.edu/login?url=https://dx.doi.org/10.1039/9781847559777  |z Connect to the full text of this electronic book  |t 0 
955 |a RSC eBooks 
994 |a 92  |b TXA 
999 f f |s c238c5ae-6c6a-3535-9cf3-4b044e5ad1d1  |i d0221fc5-2d69-3b59-99d8-024847aa1e82  |t 0 
952 f f |a Texas A&M University  |b College Station  |c Electronic Resources  |d Available Online  |t 0  |e QH509.5  |h Library of Congress classification 
998 f f |a QH509.5  |t 0  |l Available Online